| 000 | 00722nam a2200217Ia 4500 | ||
|---|---|---|---|
| 001 | 14715 | ||
| 003 | GE_BSU | ||
| 008 | 181216s||||||||xx |||||||||||||| ||und|| | ||
| 040 | _cGE_BSU | ||
| 080 | _a624.05(075.8) | ||
| 100 | _aСизов,В.М. Тимофеевич,В.С. Усенко,В.М. | ||
| 245 | _aМонтаж строительных конструкций. | ||
| 245 | _bУчебн. пособие. | ||
| 245 | _cПод общей ред. В.Н.Сизова. | ||
| 260 | _aМ. | ||
| 260 | _bВысшая школа. | ||
| 260 | _c1969. | ||
| 300 | _a408 стр. с илл. 22см. Библиогр.: стр.404. | ||
| 653 | _aМонтаж строительных конструкций. | ||
| 942 | _cBK | ||
| 999 |
_c47841 _d47841 |
||